| 000 | 01348nam a2200337 c 4500 | ||
|---|---|---|---|
| 003 | BLK | ||
| 005 | 20220210151326.0 | ||
| 008 | 180413b bul|||||r ||||||| ||bul|| | ||
| 010 | _aKNG00027619000 | ||
| 040 | _aBLK | ||
| 041 |
_aBUL _cBUL |
||
| 080 |
_aАнглийска литература _b821.111 _x-312.4 _z821.111-312.4 |
||
| 100 | 1 |
_aФорсайт, Фредерик _eпърви автор _9242148 |
|
| 700 | 1 |
_aТерзиев, Любомир _eпрев. от англ. _9248162 |
|
| 139 |
_aФорсайт, Фредерик _bФ 72 |
||
| 245 | 1 | 0 |
_aКучетата на войната _bРоман _cФредерик Форсайт; прев. от англ. Любомир Терзиев. |
| 250 | _a2. изд. | ||
| 257 | _aGBR | ||
| 260 |
_аСофия _bЕмас _bГлобус _c1999 _fСофия : Балкан прес |
||
| 300 |
_a480 с. _c21 см |
||
| 380 | _aX | ||
| 490 | 1 |
_aКолекция Форсайт _v№ 2 |
|
| 500 | _aОриг. загл. The Dogs of War / Frederick Forsyth. - 1. изд. 1993 на изд. Атика. - Офс. изд. - 3 000 тир. | ||
| 653 | _aтрилъри | ||
| 653 | _aромани | ||
| 852 | _aЦб 200665 | ||
| 856 | 4 |
_qpdf _u |
|
| 856 | 4 |
_qpdf _u |
|
| 942 |
_cKNG _n0 _014 |
||
| 944 |
_aCR _c15.01.2003 _lф / _kЛюдмила_Стоянова |
||
| 944 |
_aED _c04.07.2017 _lф / _kЛюдмила_Стоянова |
||
| 999 |
_c25087 _d25087 |
||